Online Catalogue and eLibrary

Prabhakaran sadakaya pilibanda manovidyathmaka vishleshanayak (Record no. 5230)

MARC details
000 -LEADER
fixed length control field 00461nam a2200157Ia 4500
005 - DATE AND TIME OF LATEST TRANSACTION
control field 20250528012122.0
008 - FIXED-LENGTH DATA ELEMENTS--GENERAL INFORMATION
fixed length control field 240331s9999 xx 000 0 und d
020 ## - INTERNATIONAL STANDARD BOOK NUMBER
ISBN 9789555737203
082 ## - DDC Classification
Item Number - Author Mark JAY
Class No. 6299
100 ## - MAIN ENTRY--PERSONAL NAME
Personal name Jayatunge,R.M
245 #0 - TITLE STATEMENT
Title Prabhakaran sadakaya pilibanda manovidyathmaka vishleshanayak
260 ## - PUBLICATION, DISTRIBUTION, ETC.
Place of publication, distribution, etc. Nugegoda
Name of publisher, distributor, etc. Sarasavi publishers
Date of publication, distribution, etc. 2008
300 ## - PHYSICAL DESCRIPTION
Extent (e.g. Volumes, Pages etc.) 185 p .,
500 ## - GENERAL NOTE
General note A psychological analysis of the prabhakaran factor
942 ## - Koha item type (Biblio)
Koha item type Books in Stacks (Lending)
Holdings
Lost status Damaged status Collection code Home library Current library Shelving location Date acquired Full call number Accession Number Item type
    Lending WERC Library WERC Library Social Science Cupboard 03/31/2024 303.6 JAY 6299 Books in Stacks (Lending)

© WERC Library